|
|
|
|
| LEADER |
02527pam a22005177a 4500 |
| 001 |
AALProQuestebook000020 |
| 003 |
BD-DhAAL |
| 005 |
20230907105450.0 |
| 006 |
m||||||||d|||||||| |
| 007 |
cr|||||||||||| |
| 008 |
210102s2012 cou ob 001 0 eng |
| 010 |
|
|
|a 2011034702
|
| 020 |
|
|
|a 9781588268310
|
| 020 |
|
|
|a 1588268314
|
| 035 |
|
|
|a (OCoLC)ocn743395612
|
| 035 |
|
|
|a (MiAaPQ)EBC3328966
|
| 035 |
|
|
|a (Au-PeEL)EBL3328966
|
| 035 |
|
|
|a (CaPaEBR)ebr10913583
|
| 035 |
|
|
|a (OCoLC)836871944
|
| 040 |
|
|
|a MiAaPQ
|b eng
|c rda
|d MiAaPQ
|d MiAaPQ
|d BD-DhAAL
|
| 042 |
|
|
|a pcc
|
| 050 |
0 |
0 |
|a HV553
|b .E537 2012
|
| 082 |
0 |
0 |
|a 363.34082
|2 23
|
| 100 |
1 |
|
|a Enarson, Elaine Pitt,
|d 1949-
|e author.
|9 43876
|
| 245 |
1 |
0 |
|a Women confronting natural disaster
|h [electronic resource] :
|b from vulnerability to resilience /
|c Elaine Enarson.
|
| 260 |
|
|
|a Boulder, Colo. :
|b Lynne Rienner Publishers,
|c 2012.
|
| 300 |
|
|
|a 1 online resource (255 pages) :
|b illustrations.
|
| 500 |
|
|
|a <strong>Off-Campus Access:</strong> Athens ID and Password Required
|
| 500 |
|
|
|a <strong>On-Campus Access:</strong> No User ID or Password Required
|
| 500 |
|
|
|a Access type: Perpetual access for unlimited users
|
| 504 |
|
|
|a Includes bibliographical references and index.
|
| 505 |
0 |
|
|a Women and disasters -- Representations of women in disasters -- How gender changes disaster studies -- Measuring vulnerability and capacity -- Health and well-being -- Violence against women -- Intimacy and family life -- Houses and homes -- Work and workplaces -- Grassroots groups and recovery -- Building disaster resilience -- Fighting for the future.
|
| 526 |
|
|
|a ARC
|x Dr. Imon Chowdhooree
Assistant Professor
|
| 538 |
|
|
|a Mode of access: Internet
|
| 541 |
|
|
|a ProQuest
|h USD 139.90
|
| 650 |
|
0 |
|a Disasters
|x Social aspects.
|9 43877
|
| 650 |
|
0 |
|a Disaster relief
|x Social aspects.
|9 43878
|
| 650 |
|
0 |
|a Women
|x Social conditions.
|9 43879
|
| 650 |
|
0 |
|a Women
|x Psychology.
|9 43880
|
| 655 |
|
|
|a Electronic books.
|
| 710 |
|
|
|a ProQuest (Firm).
|9 43924
|
| 852 |
|
|
|a Ayesha Abed Library
|
| 856 |
|
|
|z Full text available on ProQuest
|u https://ebookcentral.proquest.com/lib/bracu/detail.action?docID=3328966
|
| 942 |
|
|
|2 ddc
|c EBK
|
| 999 |
|
|
|c 43387
|d 43387
|
| 952 |
|
|
|0 0
|1 0
|2 ddc
|4 0
|6 363_340820000000000_ENA
|7 0
|9 69644
|a BRACUL
|b BRACUL
|d 2022-01-02
|e ProQuest
|g 11.00
|l 0
|o 363.34082 ENA
|r 2022-01-02
|t 1
|w 2022-01-02
|y EBK
|x As discussed with Acquisition team, according to invoice date (23.12.2021) of the E-book, converted USD 139.90 to BDT11,990.54.
|